The principaship : a reflective practice perspective

Αποθηκεύτηκε σε:
Λεπτομέρειες βιβλιογραφικής εγγραφής
Κύριος συγγραφέας: Sergiovanni, Thomas J.
Μορφή: Βιβλίο
Γλώσσα:English
Δημοσίευση: Boston : Allyn and Bacon, 1995
Έκδοση:3rd ed.
Θέματα:
Ετικέτες: Προσθήκη ετικέτας
Δεν υπάρχουν, Καταχωρήστε ετικέτα πρώτοι!

MARC

LEADER 00000nam a2200000 i 4500
001 1/94107
008 991125s1995 eng d
020 |a 0-205-15585-5 
035 |l 10054674 
040 |a GR-MY-UA  |b gre  |e aacr 
041 0 |a eng 
082 0 |a 371.20120973 
100 1 |a Sergiovanni, Thomas J. 
245 1 4 |a The principaship :  |b a reflective practice perspective /  |c Thomas J. Sergiovanni 
250 |a 3rd ed. 
260 |a Boston :   |b Allyn and Bacon,   |c 1995 
300 |a 329 p. 
650 0 0 |a School principals  |z United States. 
650 0 0 |a Leadership. 
650 0 0 |a School mamagement and organization  |z United States. 
650 0 0 |a School supervision  |z United States. 
650 0 0 |a School improvement programs  |z United States. 
852 |a INST  |b RHODES  |e 19991125  |h 371.20120973 SER  |p 005400012515  |q 005400012515  |t BK  |y 0 
901 |a BIBL4-1999-3 
909 |a Ρ  |b 069210 
922 |a 4ΕΛΗ  |b 199909  |c ΚΠΣ/154  |d GLORY BOOKS 
970 |a ΚΟΥΛΑΚΙΟΤΗ  |b ΛΙΤΣΑ  |z 1999/11/25